Junketing : (Record no. 5878)
[ view plain ]
| 000 -LEADER | |
|---|---|
| fixed length control field | 00940nam a22002897i 4500 |
| 003 - CONTROL NUMBER IDENTIFIER | |
| control field | URS |
| 005 - DATE AND TIME OF LATEST TRANSACTION | |
| control field | 20220117150801.0 |
| 008 - FIXED-LENGTH DATA ELEMENTS--GENERAL INFORMATION | |
| fixed length control field | 170710b xxu||||| |||| 00| 0 eng d |
| 020 ## - INTERNATIONAL STANDARD BOOK NUMBER | |
| International Standard Book Number | 9789711902315 (pbk.) |
| 040 ## - CATALOGING SOURCE | |
| Original cataloging agency | DLAW |
| Description conventions | rda |
| Transcribing agency | URS |
| Language of cataloging | eng |
| 041 0# - LANGUAGE CODE | |
| Language code of text/sound track or separate title | eng |
| 050 14 - LIBRARY OF CONGRESS CALL NUMBER | |
| Classification number | DS 672.8 |
| Item number | .P649 2008 |
| 100 1# - MAIN ENTRY--PERSONAL NAME | |
| Personal name | Pimentel, Aquilino Q. |
| Relator term | author. |
| 245 10 - TITLE STATEMENT | |
| Title | Junketing : |
| Remainder of title | senatorial style / |
| Statement of responsibility, etc. | Aquilino Pimentel Jr. |
| 264 #1 - PRODUCTION, PUBLICATION, DISTRIBUTION, MANUFACTURE, AND COPYRIGHT NOTICE | |
| Place of production, publication, distribution, manufacture | Mandaluyong City : |
| Name of producer, publisher, distributor, manufacturer | Cacho Publishing House, |
| Date of production, publication, distribution, manufacture, or copyright notice | [2008] |
| 264 #4 - PRODUCTION, PUBLICATION, DISTRIBUTION, MANUFACTURE, AND COPYRIGHT NOTICE | |
| Date of production, publication, distribution, manufacture, or copyright notice | ©2008. |
| 300 ## - PHYSICAL DESCRIPTION | |
| Extent | xiii, 278 pages : |
| Other physical details | illustrations ; |
| Dimensions | 23 cm |
| 336 ## - CONTENT TYPE | |
| Content type term | text |
| Content type code | txt |
| Source | rdacontent |
| 337 ## - MEDIA TYPE | |
| Media type term | unmediated |
| Media type code | n |
| Source | rdamedia |
| 338 ## - CARRIER TYPE | |
| Carrier type term | volume |
| Carrier type code | nc |
| Source | rdacarrier |
| 600 10 - SUBJECT ADDED ENTRY--PERSONAL NAME | |
| Personal name | Pimentel, Aquilino Q. |
| General subdivision | Travel. |
| 651 #0 - SUBJECT ADDED ENTRY--GEOGRAPHIC NAME | |
| Geographic name | Philippines |
| General subdivision | Officials and employees |
| -- | Travel. |
| 651 #0 - SUBJECT ADDED ENTRY--GEOGRAPHIC NAME | |
| Geographic name | Philippines |
| General subdivision | Foreign relations. |
| 651 #0 - SUBJECT ADDED ENTRY--GEOGRAPHIC NAME | |
| Geographic name | Philippines |
| General subdivision | Politics and government |
| Chronological subdivision | 21st century. |
| 942 ## - ADDED ENTRY ELEMENTS (KOHA) | |
| Source of classification or shelving scheme | Library of Congress Classification |
| Koha item type | Filipiniana |
| Withdrawn status | Source of classification or shelving scheme | Damaged status | Not for loan | Collection code | Home library | Current library | Shelving location | Date acquired | Total Checkouts | Full call number | Barcode | Date last seen | Price effective from | Koha item type |
|---|---|---|---|---|---|---|---|---|---|---|---|---|---|---|
| Library of Congress Classification | Non-fiction | Cardona College LIbrary | Cardona College LIbrary | General Stacks | 02/06/2018 | G 155 P649 2008 | URSCAR-1485 | 09/17/2018 | 02/06/2018 | Filipiniana | ||||
| Library of Congress Classification | Non-fiction | Tanay College Library | Tanay College Library | General Stacks | 07/10/2017 | DS672.8 .P649 2008 | URSTAN-N2316 | 07/10/2017 | 07/10/2017 | Filipiniana |